Normal view
MARC view
- Newport, Cal
Entry Personal Name
001 - CONTROL NUMBER
- control field: 216125
003 - CONTROL NUMBER IDENTIFIER
- control field: OSt
005 - DATE AND TIME OF LATEST TRANSACTION
- control field: 20251231142137.0
008 - FIXED-LENGTH DATA ELEMENTS
- fixed length control field: 251231|| aca||aabn | a|a d
040 ## - CATALOGING SOURCE
- Original cataloging agency: OSt
- Transcribing agency: OSt
100 ## - HEADING--PERSONAL NAME
- Personal name: Newport, Cal
670 ## - SOURCE DATA FOUND
- Source citation: Work cat.: (OSt)369647: Newport, Cal, How to Win at College, 2005